00588nam a2200193Ia 4500003000400000005001700004008004100021040000700062041000800069082001600077100004300093245002700136260004000163300000900203650002000212942001300232999001900245952013000264OSt20260328105815.0250729s2007 xx 000 0 und d cAL akan a494.50 PRAG aDodda Bhanagere Prakash Murthy9230657 a4000 gadegala bhandara aBangalorebSadhana Prakashanac2007 a200p aKannada9230658 2ddccBED c238891d238891 00104070aALbALd2025-07-29eManagement Booksg75.00l0o494.50 PRAGpBED04210r2025-07-29 16:57:05v75.00w2025-07-29yBK